Energy and climate change : (Record no. 355640)

000 -LEADER
fixed length control field 01493cam a22003617a 4500
001 - CONTROL NUMBER
control field 15076769
003 - CONTROL NUMBER IDENTIFIER
control field Nust- CAS-E
005 - DATE AND TIME OF LATEST TRANSACTION
control field 20180118181408.0
008 - FIXED-LENGTH DATA ELEMENTS--GENERAL INFORMATION
fixed length control field 071109s2008 enka b 001 0 eng
010 ## - LIBRARY OF CONGRESS CONTROL NUMBER
LC control number 2007046622
020 ## - INTERNATIONAL STANDARD BOOK NUMBER
International Standard Book Number 9780470853122 (cloth)
020 ## - INTERNATIONAL STANDARD BOOK NUMBER
International Standard Book Number 0470853123 (cloth)
020 ## - INTERNATIONAL STANDARD BOOK NUMBER
International Standard Book Number 9780470853139 (pbk.)
020 ## - INTERNATIONAL STANDARD BOOK NUMBER
International Standard Book Number 0470853131 (pbk.)
035 ## - SYSTEM CONTROL NUMBER
System control number (OCoLC)ocn181368840
035 ## - SYSTEM CONTROL NUMBER
System control number (OCoLC)181368840
040 ## - CATALOGING SOURCE
Original cataloging agency DLC
Transcribing agency DLC
Modifying agency YDX
-- BAKER
-- YDXCP
-- BTCTA
-- DLC
050 00 - LIBRARY OF CONGRESS CALL NUMBER
Classification number TJ163.2
Item number .C625 2008
082 00 - DEWEY DECIMAL CLASSIFICATION NUMBER
Classification number 621.042
Edition number 22
Author Mark COL-E 2008
100 1# - MAIN ENTRY--PERSONAL NAME
Personal name Coley, David A.
245 10 - TITLE STATEMENT
Title Energy and climate change :
Remainder of title creating a sustainable future /
Statement of responsibility, etc. David A. Coley.
260 ## - PUBLICATION, DISTRIBUTION, ETC.
Place of publication, distribution, etc. Chichester, West Sussex ;
-- Hoboken, NJ :
Name of publisher, distributor, etc. John Wiley,
Date of publication, distribution, etc. c2008.
300 ## - PHYSICAL DESCRIPTION
Extent xv, 656 p. :
Other physical details ill. (some col.) ;
Dimensions 26 cm.
502 ## - DISSERTATION NOTE
Dissertation note 0
504 ## - BIBLIOGRAPHY, ETC. NOTE
Bibliography, etc. note Includes bibliographical references (p. [641]-642) and index.
650 #0 - SUBJECT ADDED ENTRY--TOPICAL TERM
Topical term or geographic name entry element Power resources
Form subdivision Textbooks.
650 #0 - SUBJECT ADDED ENTRY--TOPICAL TERM
Topical term or geographic name entry element Climatic changes
Form subdivision Textbooks.
856 42 - ELECTRONIC LOCATION AND ACCESS
Materials specified Publisher description
Uniform Resource Identifier <a href="http://www.loc.gov/catdir/enhancements/fy0829/2007046622-d.html">http://www.loc.gov/catdir/enhancements/fy0829/2007046622-d.html</a>
856 41 - ELECTRONIC LOCATION AND ACCESS
Materials specified Table of contents only
Uniform Resource Identifier <a href="http://www.loc.gov/catdir/enhancements/fy0829/2007046622-t.html">http://www.loc.gov/catdir/enhancements/fy0829/2007046622-t.html</a>
906 ## - LOCAL DATA ELEMENT F, LDF (RLIN)
a 7
b cbc
c orignew
d 1
e ecip
f 20
g y-gencatlg
942 ## - ADDED ENTRY ELEMENTS (KOHA)
Source of classification or shelving scheme
Koha item type Book
Holdings
Withdrawn status Lost status Source of classification or shelving scheme Damaged status Not for loan Collection code Permanent Location Current Location Shelving location Date acquired Source of acquisition Cost, normal purchase price Total Checkouts Full call number Barcode Date last seen Price effective from Koha item type
            US-Pakistan Center for Advanced Studies in Energy (USPCAS-E) US-Pakistan Center for Advanced Studies in Energy (USPCAS-E)   11/12/2015 Multiline Books 5180.00   621.042 COL-E 2008 CAS-E0000600 11/12/2015 11/12/2015 Book
© 2023 Central Library, National University of Sciences and Technology. All Rights Reserved.